[Event "Saarland-ch C 85th"]
[Site "Homburg"]
[Date "2010.04.01"]
[Round "7"]
[White "Wolsdorfer, Tim"]
[Black "Lang, Wolfgang"]
[Result "1/2-1/2"]
[WhiteElo "1171"]
[BlackElo "1404"]
[PlyCount "86"]
[EventDate "2010.03.28"]
[EventType "swiss"]
[EventRounds "9"]
[EventCountry "GER"]
[SourceTitle "EXT 2011"]
[Source "ChessBase"]
[SourceDate "2010.11.26"]
[SourceVersion "1"]
[SourceVersionDate "2010.11.26"]
[SourceQuality "1"]

1. e4 e5 2. Nf3 Nf6 3. d3 Nc6 4. Be2 Bc5 5. 0-0 0-0 6. Nc3 h6 7. a3 d6 8. b4 Bd4 9. Nxd4 Nxd4 10. Na2 Nxe2+ 11. Qxe2 Bg4 12. Qd2 Nh5 13. h3 Be6 14. Qe2 Nf4 15. Bxf4 exf4 16. f3 Qg5 17. Kh1 Rae8 18. c4 f5 19. Nc3 c6 20. Rae1 Qf6 21. e5 dxe5 22. Qxe5 Bd7 23. Qxf6 Rxf6 24. Rxe8+ Bxe8 25. Re1 Kf7 26. Kg1 Re6 27. Re2 g5 28. Kf2 h5 29. d4 Kf6 30. d5 Rxe2+ 31. Kxe2 Ke5 32. Kd3 a6 33. dxc6 Bxc6 34. a4 g4 35. b5 axb5 36. cxb5 Bd5 37. Nxd5 Kxd5 38. fxg4 fxg4 39. hxg4 hxg4 40. a5 Kc5 41. a6 bxa6 42. bxa6 Kb6 43. Ke4 f3 1/2-1/2

[Event "Saarland-ch C"]
[Site "Schiffweiler"]
[Date "2009.04.10"]
[Round "8"]
[White "Engel, Markus"]
[Black "Wolsdorfer, Tim"]
[Result "1-0"]
[WhiteElo "1437"]
[BlackElo "1171"]
[PlyCount "45"]
[EventDate "2009.04.03"]
[EventType "swiss"]
[EventRounds "9"]
[EventCountry "GER"]
[SourceTitle "EXT 2012"]
[Source "ChessBase"]
[SourceDate "2011.11.24"]
[SourceVersion "1"]
[SourceVersionDate "2011.11.24"]
[SourceQuality "1"]

1. e4 c5 2. Nf3 Nc6 3. c3 e6 4. d4 cxd4 5. cxd4 d5 6. e5 a6 7. Bd3 f5 8. 0-0 Nge7 9. Nc3 g6 10. Bg5 h6 11. Bf6 Rh7 12. a3 Bg7 13. Re1 Bxf6 14. exf6 Ng8 15. Ne5 Qxf6 16. Qa4 Bd7 17. Nxd5 exd5 18. Ng4+ Qe7 19. Rxe7+ Ncxe7 20. Qb4 fxg4 21. Re1 Rg7 22. Qxb7 Bc6 23. Qxc6+ 1-0

[Event "Saarland-ch C"]
[Site "Schiffweiler"]
[Date "2009.04.06"]
[Round "4"]
[White "Poncelet, Rudolf"]
[Black "Wolsdorfer, Tim"]
[Result "1-0"]
[WhiteElo "1313"]
[BlackElo "1171"]
[PlyCount "117"]
[EventDate "2009.04.03"]
[EventType "swiss"]
[EventRounds "9"]
[EventCountry "GER"]
[SourceTitle "EXT 2012"]
[Source "ChessBase"]
[SourceDate "2011.11.24"]
[SourceVersion "1"]
[SourceVersionDate "2011.11.24"]
[SourceQuality "1"]

1. d4 Nf6 2. Nc3 g6 3. e4 Bg7 4. e5 Ng8 5. Bg5 f6 6. exf6 exf6 7. Bf4 Ne7 8. Bc4 d5 9. Bb3 0-0 10. Qf3 c6 11. 0-0-0 f5 12. Qg3 Bd7 13. Nf3 Bf6 14. h4 h5 15. Ne5 Bxe5 16. Bxe5 Be6 17. Qg5 Kh7 18. Bf4 Ng8 19. Qg3 Nd7 20. Bg5 Ndf6 21. Rhe1 Qd7 22. f3 Kg7 23. Bf4 Nh7 24. Na4 b6 25. Qf2 Rae8 26. Qd2 Qd8 27. Bg5 Nhf6 28. Qb4 Bc8 29. Re5 Re6 30. Rxe6 Bxe6 31. Qc3 Qc7 32. Re1 Re8 33. Qd2 Bf7 34. Rxe8 Bxe8 35. Bf4 Qe7 36. Be5 Kh7 37. c4 Bf7 38. c5 Nd7 39. Qf4 bxc5 40. Bd6 Qe1+ 41. Bd1 Qb4 42. Nxc5 Nxc5 43. Bxc5 Qc4+ 44. Kb1 Qd3+ 45. Bc2 Qf1+ 46. Qc1 Qxc1+ 47. Kxc1 Be6 48. Bxa7 Kh6 49. a4 g5 50. hxg5+ Kxg5 51. Bb8 f4 52. a5 Bc8 53. Bd3 Bb7 54. a6 Ba8 55. Kc2 Ne7 56. Kc3 Nc8 57. Kb4 Nb6 58. Ka5 Nc8 59. Bh7 1-0